1826 1990 1615 1251 1783 1255 1793 1952 1358 1905 1795 1936 1777 1526 1797 1473 1059 1115 1271 1686 1983 1286 1187 1886 1277 1254 1029 1433 1749 1651 1673 1168 1586 1407 1651 1913 1033 1408 1436 1766 1083 1786 1210 1920 1178 1504 1695 1583 1956 1138 1081 1239 1249 1336 1941 1399 1122 1137 1404 1292 1627 1432 1468 1602 1004 1030 1792 1201 1918 1726 1641 1882 1309 1096 1075 1294 1184 1024 1742 1076 1367 1832 1377 1198 1572 1152 1048 1977 1053 1069 1461 1832 1090 1298 1482 1578 1482 1007 1443 BCNSPRNW ULIB Ver.6.0+V

เปลี่ยนเป็นภาษาไทย

Change to English
 แสดงรายละเอียดบรรณานุกรม
  กลับหน้าหลัก

Brief Record : Get Marc (ISO 2709) : E-mail record : QR code < ปิดหน้าต่าง
LEADER : 00000nam 2200000uu 4500
001    13399122454
003     ULIB
008    020711s2553 th a 000 0 tha d
020    9786169058397
090    นว.^bช271ห
100    ชลการณ์
110    บีไมน์
245    หมากรักเกมใจ ไฟริษยา /^bชลการณ์
250    พิมพ์ครั้งที่ 1
260    กรุงเทพฯ :^bบีไมน์,^c2553
300    264 หน้า
945    ^p175^l0^i19950
999    ^aทศพร เกษรทอง
รายการนี้ยังไม่มีแท็ก
คุณยังไม่ได้ล็อกอิน คุณสามารถมีกิจกรรมร่วมกับเว็บไซต์ได้ แต่ต้องล็อกอินก่อน ::
  ล็อกอิน

รายการสื่อสารสนเทศ

ลำดับที่ ประเภท เลขเรียก/บาร์โค้ด สถานที่ สถานะ
1. นวนิยาย
นวนิยาย
นว. ช271ห  
  Barcode: 19950
ห้องสมุดวิทยาเขตสวรรค์ประชารักษ์
►นวนิยาย
บนชั้น
  ขอยืม

BibComment


ยังไม่เคยถูกคอมเมนท์

คอมเมนท์ทรัพยากรรายการนี้
  คอมเมนท์: หมากรักเกมใจ ไฟริ..


 Copyright 2026. Bcnsprnw @Library